[Event "COL-ch"]
[Site "Bogota"]
[Date "2018.11.12"]
[Round "9"]
[White "De la Rosa, Eugenio"]
[Black "Florez Caceres, Rafael Omar"]
[Result "1/2-1/2"]
[WhiteElo "1728"]
[BlackElo "1514"]
[PlyCount "75"]
[EventDate "2018.11.06"]
[EventType "swiss"]
[EventRounds "9"]
[EventCountry "COL"]
[SourceTitle "CBM 187 Extra"]
[Source "ChessBase"]
[SourceDate "2018.11.04"]
[SourceVersion "1"]
[SourceVersionDate "2018.11.04"]
[SourceQuality "1"]

1. e4 c5 2. Nf3 e6 3. d4 cxd4 4. Qxd4 Nc6 5. Qa4 Qc7 6. c3 Nf6 7. Bg5 Be7 8. Nbd2 a6 9. Be2 b6 10. 0-0 Bb7 11. Rfe1 0-0 12. Rad1 h6 13. Bh4 d6 14. Nf1 b5 15. Qc2 Rac8 16. Bg3 Nh5 17. Nd4 Nxg3 18. Nxg3 Nxd4 19. Rxd4 Bf6 20. Rd2 d5 21. Nh5 Bg5 22. f4 Bxf4 23. Nxf4 Qxf4 24. exd5 exd5 25. Bf3 Rfd8 26. Red1 Qe5 27. Qb3 Rc4 28. Re2 Qc7 29. Rde1 Bc6 30. Re7 Qd6 31. Bh5 g6 32. Bf3 Bd7 33. Qd1 Be6 34. R7xe6 fxe6 35. Qd3 e5 36. Bxd5+ Qxd5 37. Qxg6+ Kh8 38. Qxh6+ 1/2-1/2

[Event "COL-ch"]
[Site "Bogota"]
[Date "2018.11.10"]
[Round "7"]
[White "De la Rosa, Eugenio"]
[Black "Ruiz Orozco, Neider Santiago"]
[Result "0-1"]
[WhiteElo "1728"]
[BlackElo "1250"]
[PlyCount "100"]
[EventDate "2018.11.06"]
[EventType "swiss"]
[EventRounds "9"]
[EventCountry "COL"]
[SourceTitle "CBM 187 Extra"]
[Source "ChessBase"]
[SourceDate "2018.11.04"]
[SourceVersion "1"]
[SourceVersionDate "2018.11.04"]
[SourceQuality "1"]

1. d4 Nf6 2. c4 e6 3. Nc3 Bb4 4. a3 Bxc3+ 5. bxc3 b6 6. a4 0-0 7. Bg5 d5 8. e3 Ba6 9. Qb3 Nc6 10. cxd5 Bxf1 11. Kxf1 Qxd5 12. Qb5 Ne4 13. Qxd5 exd5 14. Bf4 Nxc3 15. Rc1 Nxa4 16. Rxc6 b5 17. Rxc7 b4 18. Nf3 Rfc8 19. Ke2 Rxc7 20. Bxc7 b3 21. Nd2 b2 22. Kd3 Rc8 23. Nb3 Rxc7 24. Nc5 Nxc5+ 25. dxc5 Rxc5 26. Rb1 Rb5 27. f3 a5 28. Kc3 f5 29. Rxb2 Rxb2 30. Kxb2 Kf7 31. Kb3 g5 32. Ka4 Ke6 33. Kxa5 Ke5 34. Kb4 f4 35. exf4+ gxf4 36. Kc3 h5 37. Kd3 h4 38. Ke2 Kd4 39. Kd2 Kc4 40. Ke2 Kc3 41. Kf2 d4 42. g3 hxg3+ 43. hxg3 fxg3+ 44. Kxg3 d3 45. f4 d2 46. Kg4 d1Q+ 47. Kg5 Qg1+ 48. Kf6 Kd3 49. f5 Ke4 50. Ke6 Qb6+ 0-1

[Event "COL pre olympic sf2"]
[Site "Cartagena"]
[Date "2016.05.06"]
[Round "5"]
[White "De la Rosa, Eugenio"]
[Black "Pertuz Mercado, Manuel Jose"]
[Result "1/2-1/2"]
[WhiteElo "1611"]
[BlackElo "1874"]
[PlyCount "70"]
[EventDate "2016.05.04"]
[EventType "swiss"]
[EventRounds "9"]
[EventCountry "COL"]
[SourceTitle "CBM 172 Extra"]
[Source "ChessBase"]
[SourceDate "2016.06.21"]
[SourceVersion "1"]
[SourceVersionDate "2016.06.21"]
[SourceQuality "1"]

1. e4 e5 2. Nf3 Nc6 3. d4 exd4 4. Bc4 Be7 5. Nxd4 Ne5 6. Bb3 Nf6 7. 0-0 0-0 8. f4 Ng6 9. e5 Ne8 10. Nc3 c6 11. Ne4 d5 12. Ng3 a6 13. c3 Qb6 14. Be3 Bc5 15. Kh1 Qc7 16. Bc2 Be7 17. Ndf5 f6 18. Qh5 fxe5 19. Nxe7+ Qxe7 20. fxe5 Nf6 21. exf6 Qxe3 22. fxg7 Rxf1+ 23. Rxf1 Kxg7 24. Bf5 Qe5 25. Bxc8 Rxc8 26. Qh3 Rf8 27. Qd7+ Kh8 28. Qxb7 Rxf1+ 29. Nxf1 Qe2 30. Kg1 Ne5 31. Qc8+ Kg7 32. Qf5 Nd3 33. Qd7+ Kf8 34. Qd6+ Kf7 35. Qd7+ Kf8 1/2-1/2

[Event "COL pre olympic sf2"]
[Site "Cartagena"]
[Date "2016.05.06"]
[Round "4"]
[White "Mesa, Francisco Sr"]
[Black "De la Rosa, Eugenio"]
[Result "0-1"]
[WhiteElo "1551"]
[BlackElo "1611"]
[PlyCount "90"]
[EventDate "2016.05.04"]
[EventType "swiss"]
[EventRounds "9"]
[EventCountry "COL"]
[SourceTitle "CBM 172 Extra"]
[Source "ChessBase"]
[SourceDate "2016.06.21"]
[SourceVersion "1"]
[SourceVersionDate "2016.06.21"]
[SourceQuality "1"]

1. e4 e5 2. Nf3 Nc6 3. Bb5 Nge7 4. 0-0 g6 5. c3 Bg7 6. d4 exd4 7. cxd4 0-0 8. Nc3 d6 9. d5 Ne5 10. Nxe5 Bxe5 11. Bh6 Bg7 12. Bxg7 Kxg7 13. Ba4 a6 14. f4 b5 15. Bc2 f5 16. Qd4+ Kg8 17. e5 Bb7 18. a3 dxe5 19. fxe5 Bxd5 20. Rad1 Be6 21. Qc5 Qe8 22. Qxc7 Rf7 23. Qb6 Bc4 24. Rf4 Qc6 25. Rd8+ Rxd8 26. Qxd8+ Kg7 27. Qd4 Qe6 28. Qe3 Nc6 29. b3 Bxb3 30. Bxb3 Qxb3 31. Rh4 Re7 32. Rh3 Qxa3 33. Qd2 Qc5+ 34. Kf1 Qxe5 35. Nd1 h5 36. Re3 Qf4+ 37. Kg1 Rxe3 38. Nxe3 Qd4 39. Qf2 Qa1+ 40. Nf1 b4 41. Qd2 Qd4+ 42. Qxd4+ Nxd4 43. Kf2 Kf6 44. Ke3 Ke5 45. Nd2 Kd5 0-1

[Event "COL pre olympic sf2"]
[Site "Cartagena"]
[Date "2016.05.04"]
[Round "1"]
[White "De la Rosa, Eugenio"]
[Black "Otalora Pacheco, Carlos Eduardo"]
[Result "0-1"]
[WhiteElo "1611"]
[BlackElo "2107"]
[PlyCount "60"]
[EventDate "2016.05.04"]
[EventType "swiss"]
[EventRounds "9"]
[EventCountry "COL"]
[SourceTitle "CBM 172 Extra"]
[Source "ChessBase"]
[SourceDate "2016.06.21"]
[SourceVersion "1"]
[SourceVersionDate "2016.06.21"]
[SourceQuality "1"]

1. d4 d5 2. c4 e6 3. Nc3 Nf6 4. Bg5 Nbd7 5. e3 Be7 6. Nf3 0-0 7. Bd3 h6 8. Bh4 b6 9. Qc2 Bb7 10. a3 c5 11. Bg3 Rc8 12. Qb3 a6 13. h3 b5 14. Bc2 dxc4 15. Qa2 Qb6 16. 0-0 Bxf3 17. gxf3 cxd4 18. exd4 Qxd4 19. Rad1 Qb6 20. Rd2 Nc5 21. Rfd1 Rfd8 22. Rxd8+ Rxd8 23. Rxd8+ Qxd8 24. Qb1 Qd2 25. Qd1 Qxd1+ 26. Nxd1 Nd5 27. Ne3 Nxe3 28. fxe3 Bf6 29. Bd6 Nd3 30. b3 Ne1 0-1